[Event "Olkhovskiy Memorial rapid"]
[Site "Vinnytsia"]
[Date "2016.04.23"]
[Round "1"]
[White "Nwizu, Afamefuna Marcus"]
[Black "Bodnar, Nikolay"]
[Result "0-1"]
[WhiteElo "1808"]
[BlackElo "2411"]
[PlyCount "69"]
[EventDate "2016.04.23"]
[EventType "swiss (rapid)"]
[EventRounds "13"]
[EventCountry "UKR"]
[SourceTitle "CBM 172 Extra"]
[Source "ChessBase"]
[SourceDate "2016.06.21"]
[SourceVersion "1"]
[SourceVersionDate "2016.06.21"]
[SourceQuality "1"]

1. e4 c6 2. d4 d5 3. Nc3 b5 4. a3 a6 5. Nf3 Bg4 6. Be2 e6 7. 0-0 Nf6 8. h3 Bh5 9. e5 Nfd7 10. Ng5 Bg6 11. f4 h6 12. Nf3 c5 13. Kh1 Nc6 14. Be3 Qb6 15. dxc5 Bxc5 16. Bxc5 Nxc5 17. Nh4 0-0 18. f5 exf5 19. Nxd5 Qd8 20. Nxf5 Nxe5 21. Qd4 Ncd7 22. Rad1 Kh7 23. h4 Bxf5 24. Rxf5 f6 25. h5 Qc8 26. Bd3 Kh8 27. Rf4 Qc5 28. Bf5 Qxd4 29. Rfxd4 Nc5 30. Ne7 Rfe8 31. b4 Na4 32. Ng6+ Kg8 33. Rd6 Nb2 34. R1d5 Nbc4 35. Rd1 0-1